000 00472nam a22001457a 4500
008 211027b ||||| |||| 00| 0 eng d
020 _a0631136223
050 _aBD161.D29 1985
100 _aDancy, Jonathan
_950750
245 _aAn introduction to contemporary epistemology
_c/by Jonathan Dancy
260 _aBerlin:
_bBlackwell Publishing,
_cc1985
300 _ax, 259p.;
_c23cm.
650 _aKnowledge, theory of
_xHistory
_y20th century
_91140
942 _2lcc
_cMONOGRAPH
999 _c131010
_d131010